Se llama Jesús: Religión católica. Educación Básica 8
Saved in:
| Main Authors: | , , |
|---|---|
| Format: | Bog |
| Sprog: | spansk |
| Udgivet: |
Santiago
SM
2009
|
| Fag: | |
| Tags: |
Tilføj Tag
Ingen Tags, Vær først til at tagge denne postø!
|
MARC
| LEADER | 00000cam a2200000 a 4500 | ||
|---|---|---|---|
| 001 | UCF8885 | ||
| 003 | CL-VaPUC | ||
| 008 | 131011e20090000cl |||||||||||||||||spa|d | ||
| 020 | |a 9789562646918 | ||
| 082 | 0 | 4 | |a 372.84 |b COR |2 21 |
| 100 | 0 | |a Cortés Soriano, Javier |e author |9 570996 | |
| 700 | 0 | |a Cortés, Miguel Angel |e author |9 570997 | |
| 700 | 0 | |a Forcada González, Samuel |e author |9 570998 | |
| 245 | 1 | 0 | |a Se llama Jesús: Religión católica. Educación Básica 8 |
| 300 | |a 143 p | ||
| 942 | |c BK | ||
| 945 | |d 20131011 10:45:00 |a dcastane | ||
| 260 | |a Santiago |b SM |c 2009 | ||
| 650 | 0 | |a Educación religiosa |9 308312 | |
| 650 | 0 | |a Métodos de enseñanza |9 270413 | |
| 650 | 0 | |a Educación básica |9 224933 | |
| 583 | |a last modification |c 20131011 10:45:00 |k Rodrigo Vera | ||
| 999 | |c 353398 |d 353396 | ||
| 952 | |0 0 |1 0 |3 erb |4 0 |6 372_840000000000000_COR_2009 |7 0 |8 A |9 458579 |a BIBTEO |b BIBTEO |d 2019-11-23 |i 5015863 |o 372.84 COR 2009 |p 5015863 |r 2025-01-17 |w 2019-11-23 |y BK |z Catalogado en:20131011 |k ICR | ||
| 952 | |0 0 |1 0 |3 erb |4 0 |6 372_840000000000000_COR_2009 |7 0 |8 A |9 458580 |a BIBTEO |b BIBTEO |d 2019-11-23 |i 5015871 |o 372.84 COR 2009 |p 5015871 |r 2025-01-17 |w 2019-11-23 |y BK |z Catalogado en:20131011 |k ICR | ||
| 952 | |0 0 |1 2 |3 erb |4 0 |6 372_840000000000000_COR_2009 |7 0 |8 A |9 458581 |a BIBTEO |b BIBTEO |d 2019-11-23 |i 501588K |o 372.84 COR 2009 |p 501588K |r 2019-11-23 |w 2019-11-23 |y BK |z Catalogado en:20131011 |k ICR | ||